[Event "45th Rilton Cup 2015-16"]
[Site "Stockholm SWE"]
[Date "2016.01.04"]
[Round "8.40"]
[White "Thompson, Ian D"]
[Black "Grove, Peter"]
[Result "0-1"]
[WhiteTitle "FM"]
[WhiteElo "2187"]
[BlackElo "2133"]
[WhiteFideId "405205"]
[BlackFideId "1411101"]
[EventDate "2015.12.27"]

1. Nf3 Nf6 2. c4 c5 3. Nc3 g6 4. g3 b6 5. Bg2 Bb7 6. d4 cxd4 7. Qxd4 Bg7 8. O-O
d6 9. e4 O-O 10. Qe3 Nbd7 11. Bd2 Rc8 12. Qe2 Qc7 13. b3 a6 14. Rac1 Qb8 15. Ne1
e6 16. Nd3 Rfd8 17. f4 b5 18. cxb5 axb5 19. Nb4 Nc5 20. Qxb5 Nfxe4 21. Nxe4 Nxe4
22. Be3 Qa8 23. Qb6 f5 24. Rc7 Rxc7 25. Qxc7 Bf6 26. Qb6 Rc8 27. Bxe4 Bxe4 28.
Qxd6 Kf7 29. Qa6 Be7 30. a3 Qxa6 31. Nxa6 Bd3 32. Nb4 Bxf1 33. Kxf1 Rc3 34. Ke2
Rxb3 35. Nd3 Rxa3 36. Ne5+ Kg8 37. h4 Bf6 38. Nd3 Kf7 39. Bb6 Ra8 40. Bc5 h6 41.
Be3 Ra2+ 42. Kf3 Ke8 43. Nc5 Ke7 44. Nd3 Ra8 45. Bc5+ Kd7 46. Be3 Kc6 47. Nb4+
Kb5 48. Nd3 Kc4 49. Nc5 Ra3 50. Nxe6 Kd5 51. Nc7+ Kc6 52. Ne6 Kd6 0-1

[Event "45th Rilton Cup 2015-16"]
[Site "Stockholm SWE"]
[Date "2016.01.04"]
[Round "8.41"]
[White "Ask, Josef"]
[Black "Kharmunova, Nadezhda"]
[Result "0-1"]
[BlackTitle "WIM"]
[WhiteElo "2180"]
[BlackElo "2132"]
[WhiteFideId "1704583"]
[BlackFideId "4195876"]
[EventDate "2015.12.27"]

1. e4 c6 2. d4 d5 3. exd5 cxd5 4. c4 Nf6 5. Nc3 Nc6 6. Bg5 Be6 7. Bxf6 gxf6 8.
Qh5 Nxd4 9. O-O-O Qb6 10. cxd5 Bd7 11. Nge2 Nf5 12. g4 Nd6 13. Nd4 O-O-O 14. f4
Kb8 15. Rg1 f5 16. gxf5 Nxf5 17. Bh3 e6 18. Bxf5 exf5 19. Nxf5 Bb4 20. Rg3 Qf6
21. Nd4 Qxf4+ 22. Kb1 f5 23. Qf7 Rhf8 24. Qg7 h5 25. Nde2 Qc7 26. d6 Bxd6 27.
Nd5 Qc4 28. Rgd3 f4 29. Ka1 f3 30. Ng3 Be6 31. Rd4 Qc6 32. Nxh5 f2 33. Ndf4 f1=Q
34. Rxf1 Qa6 0-1

[Event "45th Rilton Cup 2015-16"]
[Site "Stockholm SWE"]
[Date "2016.01.04"]
[Round "8.42"]
[White "Dahl, Trygve"]
[Black "Adler, Bo"]
[Result "1-0"]
[WhiteElo "2139"]
[BlackElo "2174"]
[WhiteFideId "1513427"]
[BlackFideId "1702149"]
[EventDate "2015.12.27"]

1. e4 e5 2. Nf3 Nc6 3. Nc3 Nf6 4. Be2 Bb4 5. Nd5 Nxe4 6. Nxb4 Nxb4 7. Nxe5 Qg5
8. Ng4 h5 9. d3 Qc5 10. Ne3 Nf6 11. d4 Qe7 12. c4 Nc6 13. O-O d6 14. Bf3 Kf8 15.
Re1 Qd8 16. b3 Ne7 17. Bb2 Ng6 18. Qc2 c6 19. Rad1 Bg4 20. Be2 Bxe2 21. Qxe2 d5
22. Nf5 Qa5 23. Nd6 Qc7 24. Ba3 Kg8 25. Qf3 Rd8 26. Nf5 Kh7 27. Bc1 Rhe8 28. Bg5
Ng4 29. g3 f6 30. Bd2 Rxe1+ 31. Rxe1 dxc4 32. h3 c3 33. Bc1 N6e5 34. dxe5 Nxe5
35. Qxh5+ Kg8 36. Bf4 c2 37. Bxe5 fxe5 38. Ne3 Qa5 39. Rc1 Qxa2 40. Rxc2 Qxb3
41. Qxe5 Qf7 42. Rc4 Re8 43. Qc3 a5 44. Rf4 Qd7 45. Qxa5 Qxh3 46. Rh4 Qe6 47.
Qh5 Qd7 48. Qh7+ Kf7 49. Rf4+ Ke7 50. Qxg7+ 1-0

[Event "45th Rilton Cup 2015-16"]
[Site "Stockholm SWE"]
[Date "2016.01.04"]
[Round "8.43"]
[White "Jonsson, Emil"]
[Black "Bit-Narva, David"]
[Result "1/2-1/2"]
[WhiteElo "2156"]
[BlackElo "2096"]
[WhiteFideId "1712268"]
[BlackFideId "24128856"]
[EventDate "2015.12.27"]

1. e4 c5 2. Nf3 d6 3. Bb5+ Bd7 4. Bxd7+ Qxd7 5. c4 Nc6 6. Nc3 Nf6 7. d4 cxd4 8.
Nxd4 g6 9. O-O Bg7 10. Qd3 O-O 11. Nxc6 Qxc6 12. Rb1 Nd7 13. Nd5 Rfe8 14. Bg5
Ne5 15. Qe2 f6 16. Bf4 e6 17. Bxe5 exd5 18. cxd5 Qa4 19. b3 Qb4 20. Bg3 Rxe4 21.
Qc2 Rae8 22. h3 f5 23. a3 Qxa3 24. Qc7 f4 25. Bh4 Qb4 26. Qd7 f3 27. Bg3 fxg2
28. Kxg2 R4e7 29. Qxd6 Qxd6 30. Bxd6 Rd7 31. Bc5 b6 32. Be3 Rxd5 33. Rbc1 Be5
34. Rfd1 Rxd1 35. Rxd1 Re7 36. Bg5 Rc7 37. Bd8 Rc6 38. Rd5 Bf4 39. Rd4 Rd6 40.
Bxb6 Rxb6 41. Rxf4 Rxb3 42. Ra4 Rb7 43. Kg3 Kg7 44. Ra6 Kh6 45. Ra5 Kg7 46. Ra6
Rb3+ 47. Kg2 Rb7 48. Kg3 Kf7 49. Kg4 Kg7 50. Kg3 Rf7 51. Kg2 Kf8 52. h4 Ke8 53.
h5 gxh5 54. Rh6 Kd8 55. Kg3 Kc8 56. Rxh5 Kb7 57. f4 Kb6 58. f5 Kc5 59. Kf4 a5
60. Ke5 a4 61. Ke6 Ra7 62. f6+ Kb4 63. f7 Rxf7 64. Kxf7 1/2-1/2

[Event "45th Rilton Cup 2015-16"]
[Site "Stockholm SWE"]
[Date "2016.01.04"]
[Round "8.44"]
[White "Rothen, Hakan"]
[Black "Kassani, Sam"]
[Result "0-1"]
[WhiteTitle "FM"]
[WhiteElo "2297"]
[BlackElo "2126"]
[WhiteFideId "1700723"]
[BlackFideId "1709089"]
[EventDate "2015.12.27"]

1. d4 Nf6 2. c4 Nc6 3. Nf3 e6 4. a3 d6 5. Nc3 g6 6. e3 a5 7. b3 Bg7 8. Bb2 O-O
9. Be2 Re8 10. O-O Qe7 11. Ne1 e5 12. d5 Nb8 13. e4 Na6 14. b4 h5 15. Nd3 Bg4
16. f3 Bd7 17. Qe1 Rf8 18. bxa5 Nh7 19. Rb1 h4 20. Bc1 Rab8 21. Be3 f5 22. Ba7
Ra8 23. Bf2 h3 24. g3 Ng5 25. Qd1 Rab8 26. Be1 fxe4 27. fxe4 Rxf1+ 28. Kxf1 Rf8+
29. Kg1 Qf6 30. Bf2 Bh6 31. Rxb7 Nf3+ 32. Kh1 Nd4 33. Bg1 Nc5 34. Nxc5 dxc5 35.
Bg4 Bxg4 36. Qxg4 Qf1 37. Qxg6+ Bg7 38. Rb2 Nf3 39. Qe6+ Kh8 0-1

[Event "45th Rilton Cup 2015-16"]
[Site "Stockholm SWE"]
[Date "2016.01.04"]
[Round "8.45"]
[White "Nilsson, Joakim 2000"]
[Black "Darnell, Anton"]
[Result "1/2-1/2"]
[WhiteElo "2091"]
[BlackElo "1979"]
[WhiteFideId "1723383"]
[BlackFideId "1720244"]
[EventDate "2015.12.27"]

1. Nf3 Nf6 2. g3 d5 3. Bg2 g6 4. O-O Bg7 5. d4 O-O 6. c4 c6 7. Ne5 Ng4 8. Nxg4
Bxg4 9. cxd5 cxd5 10. Nc3 Nc6 11. h3 Bd7 12. e3 e6 13. b3 Re8 14. Bb2 Rc8 15.
Rc1 b6 16. Ba3 a6 17. Qd2 f5 18. Rc2 Na7 19. Rfc1 Bf8 20. Bxf8 Rxf8 21. Bf1 Bb5
22. Bg2 Qd7 23. a4 Bc6 24. Bf1 Bb7 25. Na2 Rxc2 26. Rxc2 Rc8 27. Nb4 a5 28. Nd3
Rxc2 29. Qxc2 Qc8 30. Qxc8+ Bxc8 31. Ne5 Kf8 32. h4 Ke7 33. h5 gxh5 34. Kh2 Bd7
35. Kh3 Be8 36. Kh4 h6 37. Be2 Kf6 38. Bxh5 Bxh5 39. Kxh5 Kg7 40. Kh4 Nc8 41. f3
Nd6 42. Nd7 f4 1/2-1/2

[Event "45th Rilton Cup 2015-16"]
[Site "Stockholm SWE"]
[Date "2016.01.05"]
[Round "9.2"]
[White "Hammer, Jon Ludvig"]
[Black "Zumsande, Martin"]
[Result "1-0"]
[WhiteTitle "GM"]
[BlackTitle "IM"]
[WhiteElo "2695"]
[BlackElo "2442"]
[WhiteFideId "1503707"]
[BlackFideId "4651324"]
[EventDate "2015.12.27"]

1. Nf3 d5 2. g3 Nf6 3. Bg2 e6 4. O-O b5 5. d3 Be7 6. c4 c6 7. b3 O-O 8. Bb2 Bb7
9. Nbd2 Nbd7 10. Qc2 a6 11. e4 c5 12. exd5 exd5 13. Nh4 Re8 14. Nf5 Bf8 15. d4
cxd4 16. Bxd4 Rc8 17. Qb2 Qa5 18. c5 b4 19. Bh3 Nxc5 20. Nxg7 Nd3 21. Nxe8 Nxb2
22. Nxf6+ Kg7 23. Bxc8 Bxc8 24. Bxb2 Bh3 25. Rfe1 Kg6 26. Nf3 Bd6 27. Re8 1-0

[Event "45th Rilton Cup 2015-16"]
[Site "Stockholm SWE"]
[Date "2016.01.05"]
[Round "9.3"]
[White "Alekseev, Evgeny"]
[Black "Blomqvist, Erik"]
[Result "0-1"]
[WhiteTitle "GM"]
[BlackTitle "GM"]
[WhiteElo "2642"]
[BlackElo "2493"]
[WhiteFideId "4138147"]
[BlackFideId "1709437"]
[EventDate "2015.12.27"]

1. e4 c5 2. Nf3 e6 3. d4 cxd4 4. Nxd4 Nc6 5. Nc3 Qc7 6. Be2 Nf6 7. Be3 Be7 8. f4
d6 9. g4 d5 10. e5 Nd7 11. g5 a6 12. a3 b5 13. Nxc6 Qxc6 14. Bd4 h6 15. g6 Bh4+
16. Kd2 f6 17. exf6 Bxf6 18. Kc1 O-O 19. Bg4 Bxd4 20. Qxd4 Rf6 21. f5 Qc5 22.
Qxc5 Nxc5 23. Rd1 Kf8 24. fxe6 Bxe6 25. Bxe6 Rxe6 26. b4 Ne4 27. Nxd5 Rc8 28. a4
Rxg6 29. axb5 axb5 30. Rf1+ Nf6 31. Nf4 Rg4 32. h3 Rg3 33. Ra7 Kg8 34. Rb7 Ne4
35. Nd5 Ra8 36. Rf4 Nd6 37. Rd7 Nc4 38. Kd1 Rg2 0-1

[Event "45th Rilton Cup 2015-16"]
[Site "Stockholm SWE"]
[Date "2016.01.05"]
[Round "9.4"]
[White "Donchenko, Alexander"]
[Black "Meskovs, Nikita"]
[Result "1/2-1/2"]
[WhiteTitle "GM"]
[BlackTitle "IM"]
[WhiteElo "2588"]
[BlackElo "2511"]
[WhiteFideId "24603295"]
[BlackFideId "11602740"]
[EventDate "2015.12.27"]

1. d4 Nf6 2. c4 d6 3. Nf3 g6 4. g3 Bg7 5. Bg2 O-O 6. Nc3 c6 7. O-O Qb6 8. b3 Na6
9. Bb2 Re8 10. h3 e5 11. e4 exd4 12. Nxd4 Nc5 13. Re1 a5 14. Rb1 Bd7 15. Qc2 Re7
16. Re2 Rae8 17. Rd1 Qa6 18. Bc1 Qb6 19. Bf4 Nfxe4 20. Bxe4 Nxe4 21. Nxe4 Bxd4
22. Bxd6 Re6 23. c5 Qb4 24. a3 Rxe4 25. axb4 Rxe2 26. Qxe2 Rxe2 27. Rxd4 axb4
28. g4 f5 29. Rxb4 fxg4 30. hxg4 g5 31. Kg2 1/2-1/2

[Event "45th Rilton Cup 2015-16"]
[Site "Stockholm SWE"]
[Date "2016.01.05"]
[Round "9.6"]
[White "Ivanov, Sergey"]
[Black "Socko, Monika"]
[Result "0-1"]
[WhiteTitle "GM"]
[BlackTitle "GM"]
[WhiteElo "2556"]
[BlackElo "2437"]
[WhiteFideId "4101375"]
[BlackFideId "1106619"]
[EventDate "2015.12.27"]

1. Nf3 Nf6 2. c4 e6 3. Nc3 d5 4. d4 Bb4 5. Bg5 h6 6. Bxf6 Qxf6 7. e3 O-O 8. Rc1
Nd7 9. a3 Bxc3+ 10. Rxc3 c6 11. Qc2 Re8 12. Be2 dxc4 13. Bxc4 e5 14. O-O exd4
15. Nxd4 Nf8 16. Rd1 Bg4 17. Be2 Bxe2 18. Qxe2 Rad8 19. Rcd3 Ng6 20. Qf3 Qg5 21.
Qg3 Qxg3 22. hxg3 Ne5 23. R3d2 Nc4 24. Rc2 Ne5 25. f3 Rd5 26. b4 b5 27. Rc5 Rxc5
28. bxc5 Rd8 29. Rc1 Rc8 30. Nf5 Kf8 31. Rd1 g6 32. Nd6 Rb8 33. Rd4 a5 34. f4
Ng4 35. Rd3 b4 36. Nc4 b3 37. Nb2 a4 38. e4 Rb5 39. Rc3 Nf6 40. Rc4 Nd7 41. Rxa4
Rxc5 42. Rb4 Rc1+ 43. Kh2 Nf6 44. g4 Rc3 45. Kg1 Nxg4 46. Rc4 Rxc4 47. Nxc4 c5
48. a4 Ke7 49. a5 Kd7 50. a6 Kc7 51. a7 Kb7 52. Na5+ Kxa7 53. Nxb3 Kb6 54. Kf1
c4 55. Nd4 Kc5 56. Nc2 Nf6 57. e5 Nh5 58. f5 Ng3+ 0-1

[Event "45th Rilton Cup 2015-16"]
[Site "Stockholm SWE"]
[Date "2016.01.05"]
[Round "9.7"]
[White "Nilsen, Joachim Birger"]
[Black "Hillarp Persson, Tiger"]
[Result "0-1"]
[WhiteTitle "FM"]
[BlackTitle "GM"]
[WhiteElo "2382"]
[BlackElo "2521"]
[WhiteFideId "1506331"]
[BlackFideId "1700812"]
[EventDate "2015.12.27"]

1. Nf3 g6 2. c4 Bg7 3. Nc3 c5 4. g3 Nc6 5. Bg2 d6 6. O-O Bf5 7. d3 Qd7 8. Nd5
Rc8 9. Rb1 h5 10. Bg5 h4 11. b4 hxg3 12. fxg3 e6 13. Ne3 Nxb4 14. Qb3 f6 15.
Nxf5 gxf5 16. Bd2 b6 17. d4 Nc6 18. d5 exd5 19. cxd5 Ne5 20. Qc2 Ne7 21. Nh4
Rxh4 22. gxh4 Kf7 23. Bh3 Rh8 24. Rxf5 Nxf5 25. Bxf5 Qe8 26. Be1 Ke7 27. Bg3 Bh6
28. Qe4 Kd8 29. a4 Kc7 30. Kh1 a6 31. Qc2 Qh5 32. Rf1 Rf8 33. Qe4 b5 34. axb5
axb5 35. Ra1 Kb6 36. Bf2 Bd2 37. Ra2 Qh6 38. e3 Ba5 39. Bg3 Qh5 40. Kg2 Bc3 41.
Ra3 Qe2+ 0-1

[Event "45th Rilton Cup 2015-16"]
[Site "Stockholm SWE"]
[Date "2016.01.05"]
[Round "9.8"]
[White "Krasenkow, Michal"]
[Black "Sjodahl, Pontus"]
[Result "1-0"]
[WhiteTitle "GM"]
[BlackTitle "IM"]
[WhiteElo "2610"]
[BlackElo "2404"]
[WhiteFideId "1113100"]
[BlackFideId "1700537"]
[EventDate "2015.12.27"]

1. d4 Nf6 2. c4 e6 3. Nf3 d5 4. Nc3 Bb4 5. Qa4+ Nc6 6. e3 O-O 7. Bd2 Re8 8. a3
Bf8 9. Be2 Ne4 10. Rd1 Nxd2 11. Rxd2 Ne7 12. O-O c6 13. Ne5 dxc4 14. Qxc4 Nd5
15. Ne4 f6 16. Nf3 Qc7 17. Rc1 Qf7 18. Qb3 Nb6 19. Bd1 Kh8 20. Qd3 Qe7 21. h4 g6
22. h5 f5 23. Nc5 g5 24. Ne5 Bg7 25. e4 Rd8 26. Qc3 Nd7 27. Nexd7 Bxd7 28. Nxb7
Rdb8 29. Nc5 fxe4 30. Qe3 Rf8 31. g3 e5 32. Nxd7 Qxd7 33. dxe5 Qf5 34. Rxc6 Qxe5
35. h6 Bf6 36. Bc2 Rad8 37. Rxd8 Rxd8 38. Qxa7 Qf5 39. Qf7 1-0

[Event "45th Rilton Cup 2015-16"]
[Site "Stockholm SWE"]
[Date "2016.01.05"]
[Round "9.10"]
[White "Salomon, Johan"]
[Black "Socko, Bartosz"]
[Result "1/2-1/2"]
[WhiteTitle "IM"]
[BlackTitle "GM"]
[WhiteElo "2438"]
[BlackElo "2587"]
[WhiteFideId "1509500"]
[BlackFideId "1107038"]
[EventDate "2015.12.27"]

1. d4 Nf6 2. c4 e6 3. Nf3 d5 4. Nc3 Bb4 5. Bg5 h6 6. Bxf6 Qxf6 7. Qa4+ Nc6 8. e3
O-O 9. Rc1 Qg6 10. Qc2 Qxc2 11. Rxc2 a6 12. a3 Bxc3+ 13. Rxc3 Re8 14. Be2 dxc4
15. Rxc4 Re7 16. O-O Nd8 17. Rfc1 c6 18. Rc5 f6 19. Nd2 Bd7 20. Nc4 Be8 21. Nb6
Rb8 22. f3 Nf7 23. Kf2 Rd8 24. Rd1 Kf8 25. e4 Nd6 26. Rc3 Nc8 27. Na4 e5 28.
dxe5 Rxd1 29. Bxd1 fxe5 30. Nc5 Bf7 31. Nd3 Nb6 32. Nc5 Rc7 33. Be2 Ke7 34. b4
Nc8 35. Nd3 Kd6 36. Nc5 Ke7 37. a4 Nd6 38. a5 g5 39. Nd3 Kf6 40. Nc5 Ke7 41. Rc1
Ne8 42. h4 gxh4 43. Rh1 h5 44. Rxh4 Nf6 45. Rh1 Nd7 46. g3 b5 47. Rc1 Nxc5 48.
Rxc5 Kd6 49. f4 Re7 50. Ke3 Be8 51. Bf3 Bf7 52. Bg2 Bg6 53. Rc1 Be8 54. Rc5 Bd7
55. Bf3 Be8 56. Rc1 Rg7 57. Kf2 h4 58. fxe5+ Kxe5 59. Rc5+ Kd4 60. gxh4 Bd7 61.
h5 Rf7 62. Ke2 Rf6 63. e5 Rf4 64. Kf2 Rf8 65. Kg3 Rg8+ 66. Kh4 Ke3 67. Rc3+ Kf4
68. Be2 Rg2 69. Rf3+ Kxe5 70. Re3+ Kf4 71. Rf3+ Ke5 72. Re3+ Kf4 73. Rf3+ Ke5 1/2-1/2

[Event "45th Rilton Cup 2015-16"]
[Site "Stockholm SWE"]
[Date "2016.01.05"]
[Round "9.11"]
[White "Hagen, Andreas Skytte"]
[Black "Tari, Aryan"]
[Result "0-1"]
[WhiteTitle "IM"]
[BlackTitle "IM"]
[WhiteElo "2395"]
[BlackElo "2556"]
[WhiteFideId "1407341"]
[BlackFideId "1510045"]
[EventDate "2015.12.27"]

1. d4 Nf6 2. c4 g6 3. Nc3 d5 4. Nf3 Bg7 5. cxd5 Nxd5 6. e4 Nxc3 7. bxc3 c5 8.
Rb1 O-O 9. Be2 b6 10. O-O Bb7 11. Qd3 Ba6 12. Qe3 Bxe2 13. Qxe2 Qc7 14. Bg5 e6
15. Qe3 Nd7 16. e5 cxd4 17. cxd4 Qc2 18. a3 Rfc8 19. Rfc1 Qa2 20. Ra1 Qd5 21. h4
b5 22. Bh6 Rc4 23. h5 Bh8 24. Rxc4 bxc4 25. Rb1 Rc8 26. Ng5 c3 27. Rc1 c2 28.
Qd3 Bxe5 29. Rxc2 Rb8 30. Nf3 Bg7 31. Bf4 e5 32. Bg3 e4 33. Qf1 Re8 34. Ne5 Nxe5
35. dxe5 Bxe5 36. Bxe5 Qxe5 37. h6 e3 38. Re2 exf2+ 39. Rxf2 Qe3 40. Qc4 Rf8 41.
Qf4 Qxa3 42. g4 a5 43. g5 Qe7 44. Re2 Qc5+ 45. Rf2 Qe7 46. Re2 Qc5+ 47. Rf2 Qc3
48. Kh2 Qa1 49. Rf1 Qb2+ 50. Kh3 Qb3+ 51. Rf3 Qe6+ 52. Kg2 Re8 53. Kh1 Qe1+ 54.
Rf1 Qe4+ 55. Qxe4 Rxe4 56. Rc1 Kf8 57. Rc5 a4 58. Kg2 a3 59. Ra5 Re3 60. Kf2 Rb3
61. Ra7 Ke8 62. Ke2 Rg3 63. Ra5 a2 0-1

[Event "45th Rilton Cup 2015-16"]
[Site "Stockholm SWE"]
[Date "2016.01.05"]
[Round "9.12"]
[White "Westerberg, Jonathan"]
[Black "Cramling, Pia"]
[Result "1/2-1/2"]
[WhiteTitle "IM"]
[BlackTitle "GM"]
[WhiteElo "2497"]
[BlackElo "2523"]
[WhiteFideId "1701754"]
[BlackFideId "1700030"]
[EventDate "2015.12.27"]

1. e4 c5 2. Nc3 e6 3. Nf3 Nc6 4. d4 cxd4 5. Nxd4 Qc7 6. Be3 a6 7. Qf3 Bd6 8.
O-O-O Be5 9. Nxc6 bxc6 10. Bd4 Nf6 11. Bxe5 Qxe5 12. Qg3 Qxg3 13. hxg3 d5 14.
exd5 cxd5 15. Rh4 Ke7 16. f3 Bb7 17. Rb4 Rhb8 18. Na4 Bc6 19. Rxb8 Rxb8 20. Nc5
a5 21. b3 Nh5 22. g4 Ng3 23. Nd3 h5 24. gxh5 Rh8 25. Nf4 Nxf1 26. Rxf1 e5 27.
Nd3 Rxh5 28. g4 Rg5 29. f4 exf4 30. Rxf4 Bd7 31. Nf2 f5 32. gxf5 Rxf5 33. Rxf5
Bxf5 34. c3 Kd6 35. Kd2 a4 36. bxa4 g5 37. a5 Kc6 38. Ke3 Kb5 39. Kd4 g4 40.
Nxg4 Bxg4 41. Kxd5 Kxa5 1/2-1/2

[Event "45th Rilton Cup 2015-16"]
[Site "Stockholm SWE"]
[Date "2016.01.05"]
[Round "9.13"]
[White "Poetsch, Hagen"]
[Black "Bellon Lopez, Juan Manuel"]
[Result "1-0"]
[WhiteTitle "IM"]
[BlackTitle "GM"]
[WhiteElo "2509"]
[BlackElo "2376"]
[WhiteFideId "24615137"]
[BlackFideId "2200031"]
[EventDate "2015.12.27"]

1. e4 c5 2. Nf3 e6 3. d4 cxd4 4. Nxd4 Nc6 5. Nc3 Qc7 6. Be3 a6 7. Qd2 Nf6 8.
O-O-O Bb4 9. f3 Ne5 10. Nb3 d5 11. Bd4 O-O 12. Kb1 dxe4 13. Qf4 Bd6 14. Nxe4
Nxe4 15. Qxe4 Nc6 16. Bc3 f5 17. Qe1 b5 18. Na5 Ne7 19. Nb3 Nc6 20. Na5 Ne7 21.
Bd2 Rb8 22. c4 b4 23. Nb3 Nc6 24. c5 Be5 25. Bc4 Kh8 26. Qf2 a5 27. f4 Bf6 28.
Be3 e5 29. Nd2 Bb7 30. Bd5 Rbd8 31. Nc4 Nd4 32. fxe5 Bxd5 33. exf6 Be4+ 34. Kc1
Ne6 35. fxg7+ Kxg7 36. Nd6 f4 37. Bd4+ Nxd4 38. Qxd4+ Rf6 39. Qe5 Kg8 40. b3 Bg6
41. Qxf6 1-0

[Event "45th Rilton Cup 2015-16"]
[Site "Stockholm SWE"]
[Date "2016.01.05"]
[Round "9.14"]
[White "Semcesen, Daniel"]
[Black "Vuilleumier, Alexandre"]
[Result "1/2-1/2"]
[WhiteTitle "GM"]
[BlackTitle "IM"]
[WhiteElo "2431"]
[BlackElo "2342"]
[WhiteFideId "1706993"]
[BlackFideId "1305662"]
[EventDate "2015.12.27"]

1. d4 Nf6 2. c4 e6 3. Nc3 Bb4 4. Qc2 O-O 5. a3 Bxc3+ 6. Qxc3 b6 7. Nf3 Bb7 8. e3
d6 9. Be2 c5 10. O-O Nbd7 11. b4 Rc8 12. Bb2 Ne4 13. Qb3 Ng5 14. Nxg5 Qxg5 15.
f3 cxd4 16. Bxd4 d5 17. Rf2 Rc7 18. Rd1 Rfc8 19. cxd5 Bxd5 20. Qb1 Bc4 21. f4
Qb5 22. Bf3 Qa4 23. Qa1 f6 24. h3 Bb3 25. Re1 a5 26. bxa5 Qxa5 27. Rb1 Bd5 28.
e4 Bc4 29. Qb2 b5 30. Qb4 Qxb4 31. axb4 1/2-1/2

[Event "45th Rilton Cup 2015-16"]
[Site "Stockholm SWE"]
[Date "2016.01.05"]
[Round "9.15"]
[White "Goluch, Piotr"]
[Black "Miezis, Normunds"]
[Result "0-1"]
[BlackTitle "GM"]
[WhiteElo "2297"]
[BlackElo "2493"]
[WhiteFideId "1137840"]
[BlackFideId "11600136"]
[EventDate "2015.12.27"]

1. d4 Nf6 2. Nf3 e6 3. c4 Bb4+ 4. Bd2 a5 5. g3 d5 6. Bg2 O-O 7. O-O dxc4 8. Bg5
h6 9. Bxf6 Qxf6 10. Qc2 Nc6 11. Qxc4 Rd8 12. Rd1 e5 13. Nc3 Bxc3 14. bxc3 exd4
15. cxd4 Be6 16. Qc5 Rd5 17. Qc3 Rad8 18. Rac1 Nxd4 19. Nxd4 Rxd4 20. Rxd4 Qxd4
21. Qxd4 Rxd4 22. Bxb7 Bxa2 23. Rxc7 Kf8 24. Rc5 a4 25. Ra5 Ke7 26. Bc6 Bb3 27.
f4 Kd6 28. Be8 Kc7 29. Kf2 Re4 30. Bxf7 Bxf7 31. Ra7+ Kb6 32. Rxf7 a3 33. Rd7 a2
34. Rd1 Kc5 35. Ra1 Ra4 36. e4 Kd4 37. e5 Kc3 38. Kf3 Kb2 39. Rxa2+ Kxa2 40. Kg4
Kb3 41. Kf5 Kc4 42. Kg6 Ra7 43. h4 Kd5 44. h5 Ke6 45. g4 Ra4 46. g5 Rxf4 47.
gxh6 gxh6 48. Kxh6 Rg4 0-1

[Event "45th Rilton Cup 2015-16"]
[Site "Stockholm SWE"]
[Date "2016.01.05"]
[Round "9.16"]
[White "Kolosowski, Mateusz"]
[Black "Mikalsen, Erlend"]
[Result "1-0"]
[WhiteTitle "IM"]
[BlackTitle "FM"]
[WhiteElo "2423"]
[BlackElo "2313"]
[WhiteFideId "1129708"]
[BlackFideId "1507338"]
[EventDate "2015.12.27"]

1. d4 Nf6 2. c4 e6 3. g3 d5 4. Nf3 dxc4 5. Bg2 c5 6. O-O Nc6 7. Qa4 Bd7 8. Qxc4
b5 9. Qd3 Rc8 10. dxc5 Bxc5 11. Nc3 Nb4 12. Qd2 Qc7 13. a3 Nbd5 14. Nxd5 Nxd5
15. b4 Be7 16. Bb2 O-O 17. Rac1 Qb7 18. Ne5 Rfd8 19. Bxd5 exd5 20. Nxd7 Qxd7 21.
Rxc8 Qxc8 22. Rc1 Qe6 23. Rc7 a6 24. Qe3 Qxe3 25. fxe3 Bg5 26. Bd4 h6 27. h4 Bf6
28. Bxf6 gxf6 29. Rc6 Re8 30. Rxa6 Rxe3 31. Kf2 d4 32. Ra5 Re5 33. Ra8+ Kg7 34.
Rd8 Re3 35. Rxd4 Rxa3 36. Rd5 Rb3 37. Rxb5 f5 38. Rb6 Kh7 39. e3 Kg7 40. Kf3 1-0

[Event "45th Rilton Cup 2015-16"]
[Site "Stockholm SWE"]
[Date "2016.01.05"]
[Round "9.17"]
[White "Sadeh, Shahin"]
[Black "Krupenski, Juri"]
[Result "1-0"]
[WhiteTitle "FM"]
[BlackTitle "FM"]
[WhiteElo "2284"]
[BlackElo "2406"]
[WhiteFideId "12503924"]
[BlackFideId "4501101"]
[EventDate "2015.12.27"]

1. Nf3 Nf6 2. d4 e6 3. e3 b6 4. Nbd2 Bb7 5. Bd3 c5 6. O-O cxd4 7. exd4 Be7 8.
Re1 O-O 9. c3 d6 10. Nf1 Nbd7 11. Ng3 Re8 12. Bc2 Bf8 13. Bf4 Qc7 14. Ng5 g6 15.
h4 Qc6 16. f3 Nd5 17. Bd2 Bg7 18. h5 e5 19. hxg6 hxg6 20. Qb1 exd4 21. Bxg6
Rxe1+ 22. Qxe1 Ne5 23. Bh7+ Kf8 24. cxd4 Nc4 25. Be4 Bxd4+ 26. Kh1 Be5 27. Nf5
Nxd2 28. Qxd2 Ke8 29. Rd1 f6 30. Nh3 Rc8 31. Qh6 Qa4 32. b3 Qd7 33. Qh8+ Kf7 34.
Qg7+ Ke6 35. Bxd5+ Bxd5 36. Nd4+ Bxd4 37. Nf4+ Ke5 38. Qxd7 Rh8+ 39. Nh3 Rxh3+
40. Qxh3 1-0

[Event "45th Rilton Cup 2015-16"]
[Site "Stockholm SWE"]
[Date "2016.01.05"]
[Round "9.18"]
[White "Martynov, Pavel2"]
[Black "Percivaldi, Martin"]
[Result "1-0"]
[WhiteTitle "FM"]
[BlackTitle "FM"]
[WhiteElo "2380"]
[BlackElo "2260"]
[WhiteFideId "4122186"]
[BlackFideId "1508148"]
[EventDate "2015.12.27"]

1. Nf3 d5 2. g3 Bg4 3. Bg2 c6 4. O-O Nd7 5. d3 Ngf6 6. Qe1 e6 7. h3 Bh5 8. e4
dxe4 9. dxe4 Be7 10. Nbd2 e5 11. a4 O-O 12. Nc4 Qc7 13. Nh4 Rfe8 14. Bd2 Nc5 15.
Bc3 Nfd7 16. Nf5 Bf8 17. b4 Ne6 18. f3 f6 19. Rd1 Nb6 20. Nb2 Rad8 21. a5 Nc8
22. Rf2 Bf7 23. Rfd2 g6 24. Ne3 Nd6 25. Ng4 Bg7 26. Qe3 Nb5 27. Rxd8 Rxd8 28.
Bd2 c5 29. c4 Nbd4 30. b5 f5 31. exf5 Nxf5 32. Qe1 h5 33. Ne3 Ned4 34. Nd5 Bxd5
35. cxd5 Nxg3 36. Nc4 Nge2+ 37. Kh1 Rxd5 38. Bf1 Nf4 39. Bxf4 exf4 40. Qe8+ Kh7
41. Bd3 Nf5 42. Rg1 Ng3+ 43. Rxg3 fxg3 44. Bxg6+ Kh6 45. Be4 g2+ 46. Kxg2 Rg5+
47. Kf1 Qf4 48. Qe6+ Qf6 49. Qxf6+ Bxf6 50. Bxb7 Be5 51. Nxe5 Rxe5 52. b6 axb6
53. a6 Kg5 54. a7 Re8 55. a8=Q Rxa8 56. Bxa8 Kf4 57. Kf2 b5 58. Bc6 b4 59. Bb5
Ke5 60. Ke3 Kd5 61. Kd3 Ke5 62. Bc4 Kf4 63. Ke2 Kg3 64. Be6 Kf4 65. Bf7 h4 66.
Kf2 1-0